Working with functional grammar
Uloženo v:
| Hlavní autoři: | , |
|---|---|
| Další autoři: | |
| Médium: | Kniha |
| Jazyk: | angličtina |
| Vydáno: |
Londres
Arnold
1997
|
| Témata: | |
| Tagy: |
Přidat tag
Žádné tagy, Buďte první, kdo vytvoří štítek k tomuto záznamu!
|
MARC
| LEADER | 00000nam a2200000 a 4500 | ||
|---|---|---|---|
| 001 | UCL1838 | ||
| 003 | CL-VaPUC | ||
| 008 | 030926e19970000UK |||||||||||||||||eng|d | ||
| 020 | |a 0340652500 | ||
| 082 | 0 | 4 | |a 425 |b MAR |2 21 |
| 100 | |a Martin, James Robert |e autor |q Martin, Jim R. |9 566246 | ||
| 700 | |a Matthiessen, Christian M. I. M. |e autor |9 566244 | ||
| 700 | |a Painter, Clare |e author |9 566245 | ||
| 245 | 1 | 0 | |a Working with functional grammar |
| 300 | |a 306 p | ||
| 942 | |c BK | ||
| 945 | |d 20030926 00:00:00 |a cmena | ||
| 260 | |a Londres |b Arnold |c 1997 | ||
| 650 | 0 | |a Gramática |9 270497 | |
| 650 | 0 | |a Lengua inglesa |9 453712 | |
| 650 | 0 | |a Análisis del discurso |9 256696 | |
| 650 | 0 | |a Educación lingüística |9 306506 | |
| 583 | |a last modification |c 20030926 00:00:00 |k Rodrigo Vera | ||
| 999 | |c 305278 |d 305276 | ||
| 952 | |0 0 |1 0 |4 0 |6 425_000000000000000_MAR_1997 |7 0 |8 A |9 368414 |a FDOPOS |b FDOPOS |d 2019-11-21 |i 3940888 |o 425 MAR 1997 |p 3940888 |r 2025-01-22 |w 2019-11-21 |y BK |k MLA | ||